000 02545nam a2200445 a 4500
003 CHAP
005 20240520113802.0
007 ta
008 220805s2019 mx ebdofr|||| 001 0 spa d
040 _amxchpua
090 _aT.C.826
_bR49 EIUPA
_c2019
245 1 0 _aEmpresa de cerveza artesanal "Tomahawk", ubicada en Bogotá, Colombia /
_ccoordinadora Diana América Reyna Izaguirre ; colaboradores América Anastacio Cordero...[et al.]
260 _aChapingo, México :
_bEl autor,
_c2019
300 _a159 páginas :
_bgráficas, mapas, diagramas, tablas, fotos, planos +
_e1 CD-ROM
336 _2rdacontent
_atexto
_btxt
337 _2rdamedia
_ano mediado
_bn
338 _2rdacarrier
_avolumen
_bnc
500 _aGrado 7° Grupo 5
502 _aViaje de Estudios
_b(EIUPA) --
_cUACh. Departamento de Ingeniería Agroindustrial,
_d2019
504 _aBibliografía: p. 146-150
505 0 _a5 planos: 1. Plano de Distribución de áreas (Esc. 1:100) -- 2. Plano de Distribución de equipo (Esc. 1:100) -- 3. Plano de Diagrama de recorrido -- 4. Plano de DTI -- 5. Plano de Diagrama de flujo
650 1 3 _aIndustria cervecera
_zColombia
_zBogotá
650 1 3 _aElaboración de cerveza
_xControl de calidad
650 1 3 _aGranos para elaboración de cerveza
_xControl de calidad
650 1 3 _9185249
_aCalidad de la cerveza
650 1 3 _aCervezas
_xComercialización
_zColombia
_zBogotá
650 1 3 _aBrewing industry
_zColombia
_zBogotá
650 1 3 _aBrewing
_xQuality control
650 1 3 _aBrewers grains
_xQuality control
650 1 3 _9185250
_aBeer quality
650 1 3 _aBeers
_xCommercialization
_zColombia
_zBogotá
700 1 _aReyna Izaguirre, Diana America
_ecoordinadora
_997046
700 1 _9185341
_aAnastacio Cordero, América
_ecolaboradora
856 4 1 _uhttp://10.13.5.2/ve/T_C_826_EIUPA/T_C_826_EIUPA_2019_PLANO_DISTRIBUCION_DE_AREAS.pdf
_yDESCARGAR PLANO DE DISTRIBUCIÓN DE ÁREAS
856 4 1 _uhttp://10.13.5.2/ve/T_C_826_EIUPA/T_C_826_EIUPA_2019_PLANO_DISTRIBUCION_DE_EQUIPO.pdf
_yDESCARGAR PLANO DE DISTRIBUCIÓN DE EQUIPO
856 4 1 _uhttp://10.13.5.2/ve/T_C_826_EIUPA/T_C_826_EIUPA_2019_PLANO_DIAGRAMA_DE_RECORRIDO.pdf
_yDESCARGAR PLANO DE DIAGRAMA DE RECORRIDO
856 4 1 _uhttp://10.13.5.2/ve/T_C_826_EIUPA/T_C_826_EIUPA_2019_PLANO_DTI.pdf
_yDESCARGAR PLANO DE DTI
856 4 1 _uhttp://10.13.5.2/ve/T_C_826_EIUPA/T_C_826_EIUPA_2019_PLANO_DIAGRAMA_DE_FLUJO.pdf
_yDESCARGAR PLANO DE DIAGRAMA DE FLUJO
856 4 1 _uhttp://10.13.5.2/ve/T_C_826_EIUPA/T_C_826_EIUPA_2019_REPORTE.pdf
_yDESCARGAR REPORTE
999 _c217561
_d217561